00551 2200193 4500001002100000005001500021035002000036245007000056100003200126250000600158300003400164260003200198082001400230084002000244020002200264008004100286650002000327990001000347INLIS00000000000026420241001115756 a0010-03190000811 aBurung-Burung Manyar: Sebuah Roman /cYusuf Bilyarta Mangunwijaya0 aYusuf Bilyarta Mangunwijaya a1 aviii+319 hlm :bilus ;c20 cm aJakarta :bDjambatan,c2010 a899.221'3 a899.221'3 YUS b a978-979-428-528-2241001 0  4aFiksi Indonesia a00659